Logo BPK

Biblioteka

Politechniki Koszalińskiej

Optymalne struktury organizacyjne : (Rekord nr 22505)

Szczegóły MARC
000 -ETYKIETA REKORDU
podpole kontrolne o stałej długości 00585nam a2200169 i 4500
001 - NUMER KONTROLNY REKORDU
pole kontrolne bg
040 ## - ŹRÓDŁO KATALOGOWANIA
Instytucja, która utworzyła rekord BPK
041 ## - KOD JĘZYKA
Kod języka tekstu pol
080 ## - UNIWERSALNA KLASYFIKACJA DZIESIĘTNA - UKD
UKD 658.1/.5
008 - POLE O STAŁEJ DŁUGOŚCI - DANE KONTROLNE
podpole kontrolne o stałej długości s pl f |000 0 pol
100 1# - NAZWA OSOBOWA
Nazwa osobowa GRABOWSKI, Edmund
245 #0 - TYTUŁ/ODPOWIEDZIALNOŚĆ
Tytuł Optymalne struktury organizacyjne :
Ciąg dalszy tytułu projektowanie metodą sterowania problemowego /
Pozostałe elementy strefy tytułu i oznaczenia odpowiedzialności Edmund Grabowski ; Towarzystwo Naukowe Organizacji i Kierownictwa. Oddział w Białymstoku.
260 ## - STREFA ADRESU WYDAWNICZEGO
Miejsce wydania Białystok :
Nazwa wydawcy/dystrybutora TNOiK,
Data publikacji, dystrybucji/powstania dokumentu 1984.
300 ## - STREFA OPISU FIZYCZNEGO
Objętość 88 s. ;
Rozmiary 20 cm +
Dokument towarzyszący [Załączniki] : [7] k. tabl. ; 30 cm.
504 ## - UWAGA DOTYCZĄCA BIBLIOGRAFII
Informacje o bibliografii Bibliogr. s. 89.
856 ## - LOKALIZACJA I DOSTĘP DO ELEKTRONICZNYCH DOKUMENTÓW ZDALNYCH
Link (URL) http://koha.tu.koszalin.pl/cgi-bin/koha/opac-detail.pl?biblionumber=22505
Tekst linku Katalog online BPK
942 ## - DODATKOWE ELEMENTY (KOHA)
Typ dokumentu Książka
Egzemplarze
Wycofany Status egzemplarza Uszkodzony Dostępność Lokalizacja stała Lokalizacja bieżąca Miejsce przechowywania Sygnatura Kod kreskowy Typ dokumentu
      Dostępny Biblioteka Politechniki Koszalińskiej Biblioteka Politechniki Koszalińskiej Wypożyczalnia BG 31596 01562514 Książka
© 2023 Biblioteka Politechniki Koszalińskiej :: KOHA